[Event "Cappelle op 31st"]
[Site "Cappelle la Grande"]
[Date "2015.03.01"]
[Round "2"]
[White "Iturrizaga Bonelli, Eduardo"]
[Black "Kanep, Meelis"]
[Result "1/2-1/2"]
[WhiteElo "2640"]
[BlackElo "2509"]
[Annotator "RR"]
[PlyCount "170"]
[EventDate "2015.02.28"]
[EventType "swiss"]
[EventRounds "9"]
[EventCountry "FRA"]
[SourceTitle "EXT 2016"]
[Source "ChessBase"]
[SourceDate "2015.10.08"]
[SourceVersion "1"]
[SourceVersionDate "2015.10.08"]
[SourceQuality "1"]

1. Nf3 Nf6 2. c4 g6 3. Nc3 Bg7 4. g3 O-O 5. Bg2 c6 (5... d5) 6. b3 {Cette
variante ne sembe pas poser de problèmes aux Noirs pour égaliser} (6. d4 $142
d5 7. cxd5 cxd5 8. Ne5 b6 9. O-O Bb7 10. Bf4 Nc6 11. Qa4 Rc8 12. Rac1 a6 13.
Nxc6 Rxc6 14. Be5 e6 15. Nxd5 Rxc1 16. Nxf6+ Bxf6 17. Rxc1 Bxe5 18. Bxb7 Qxd4
19. Qxd4 Bxd4 20. Bxa6 Bxb2 21. Rc8 Rxc8 22. Bxc8 Kg7 23. e3 h5 24. Kg2 Kf6 25.
Bd7 Kg7 26. Ba4 Kf6 27. Kf3 Ke7 28. Bb3 Bc3 29. Ke2 Ba5 30. Kd3 Be1 31. Ke2 Ba5
32. Kd3 Be1 33. Ke2 Ba5 {1/2-1/2 (33) Svidler,P (2732)-Caruana,F (2801) Bilbao
2014}) (6. e4 d6 7. d4 {Transposant dans une Est-Indienne}) 6... Ne4 $1 {
Une nouveauté dans cet ordre de coups mais en fait, c'est une simple
transposition.} 7. Bb2 (7. Qc2 d5 8. Bb2 Bf5 9. Nh4 Nxg3 10. Nxf5 Nxf5) 7... d5
8. d4 Nxc3 9. Bxc3 dxc4 10. bxc4 c5 $11 11. Rc1 cxd4 12. Nxd4 Qb6 $1 13. e3
$146 (13. Rb1 Qc5 14. Rb5 Qxc4 15. Qb3 Qxb3 16. Rxb3 Rd8 17. e3 Nc6 18. Nxc6
bxc6 19. Ba5 Be6 20. Bxd8 Bxb3 21. axb3 Rxd8 22. Bxc6 Rc8 23. Bf3 Bc3+ 24. Ke2
Bb4 25. Be4 e6 26. Rd1 Rc3 27. Rd3 Rc2+ 28. Kf1 Rb2 29. Bc6 a5 30. h4 h5 31.
Ba4 Kg7 32. Rd7 Kf8 33. Rd8+ Ke7 34. Rd7+ Kf8 35. Rd8+ Kg7 36. Rd7 Kf8 37. Rd8+
{1/2-1/2 (37) Miron,L (2500)-Nevednichy,V (2577) Baile Herculane 2010}) 13...
Nc6 14. O-O Rd8 15. Qe2 Bd7 (15... Nxd4 16. exd4 Bxd4 17. Bxd4 Qxd4 18. Qxe7)
16. c5 $1 {Les Blancs doivent trouver des ressources tactiques pour garder
l'égalité} Qc7 17. Nb5 Qc8 18. Bxg7 Kxg7 19. Rfd1 Kg8 (19... a6 $6 20. Qb2+
Kg8 21. Nc3 $14 {[%cal Gc3d5,Gd5b6]}) 20. Qb2 Be6 21. Nd4 Bd7 22. Nb5 Be6 23.
Nd4 Bd7 {Les Noirs ne sont pas opposés à une répétition de position.} 24.
Rb1 Na5 25. Rdc1 Rb8 26. Qa3 $1 {Les Blancs ont réussi à activer leurs
pièces} Qc7 27. c6 $1 Nxc6 28. Qxe7 Qa5 29. Bxc6 Bxc6 30. h4 (30. Nxc6 bxc6
31. Rxb8 Rxb8 32. h4 Qxa2 33. h5 Rb1 (33... Rb2 34. h6) 34. Rxb1 Qxb1+ 35. Kg2
Qb8 36. h6 Qf8 37. Qxa7 Qxh6 38. Qa8+ Kg7 39. Qxc6 {Et les adversaires signent
la feuille}) 30... Qxa2 31. Ra1 Qd5 32. Nxc6 bxc6 33. Rxa7 Rbc8 (33... Qf3 $142
$5 {[%csl Rf2][%cal Gf3f7,Gf3h5,Gd8d2] Plus actif} 34. Rd7 (34. Rc7 Rd2 35. Rf1
Rxf2 $1 {[%cal Gb8b1]}) (34. h5 Rd2)) 34. e4 $1 Qb3 35. Rxc6 Qf3 36. Rd7 $1 Re8
37. Rxc8 Rxc8 38. Rd8+ Rxd8 39. Qxd8+ Kg7 40. Qd4+ f6 (40... Kg8) 41. Qd7+ Kg8
42. Qd8+ Kg7 43. Qc7+ (43. Qe7+) 43... Kg8 44. Qf4 Qc3 45. g4 h6 46. Kg2 Qc6
47. Qb8+ Kg7 48. Qa7+ Kf8 49. Qa3+ Kf7 50. Qa7+ Ke6 51. f3 Qc2+ 52. Kg3 Qd2 53.
Qb6+ Ke7 54. Qc5+ Ke6 55. Qc6+ (55. Qd5+ Qxd5 56. exd5+ Kxd5 57. Kf4 Ke6 58. h5
g5+ 59. Ke4 f5+ $1 {[%cal Ge6f6] Et les Noirs doivent tenir la finale de P})
55... Ke7 56. Qb7+ Ke6 57. Qa6+ Ke7 58. Qa7+ Ke6 59. Qb6+ Ke7 60. Qf2 Qc3 61.
Qa7+ Kf8 62. Qa8+ Ke7 63. Qa7+ Kf8 64. Qa2 Qe1+ 65. Qf2 Qc3 66. Kg2 Qd3 67. Qb2
Ke7 68. g5 $1 (68. e5 $6 {Ne donne rien non plus} fxe5 (68... Ke6 69. exf6) 69.
Qxe5+ Kf7 $132) 68... hxg5 69. hxg5 fxg5 70. Qg7+ Kd8 71. Qf6+ Kd7 72. Qf7+ Kd8
73. Qf6+ Kd7 74. Qg7+ Kd8 {Les Noirs continuent d'évite de faire monter le K
qui aurait donné un tempo important sur la prise} 75. Qxg6 Qd2+ 76. Kh3 Qd7+
77. Kg3 Qc7+ 78. Kg2 Qc2+ 79. Kg1 Qc1+ 80. Kf2 Qc2+ 81. Kg3 Qc7+ 82. Kh3 Qc8+
83. Qf5 Qxf5+ 84. exf5 Ke7 85. Kg3 Kf7 1/2-1/2

[Event "POL-chT 66th"]
[Site "Katowice"]
[Date "2010.09.09"]
[Round "6"]
[White "Tazbir, Marcin"]
[Black "Rutkowski, Maciej"]
[Result "1-0"]
[WhiteElo "2523"]
[BlackElo "2402"]
[Annotator "RR"]
[PlyCount "123"]
[EventDate "2010.09.04"]
[EventType "team-tourn"]
[EventRounds "9"]
[EventCountry "POL"]
[SourceTitle "EXT 2016"]
[Source "ChessBase"]
[SourceDate "2015.10.08"]
[SourceVersion "1"]
[SourceVersionDate "2015.10.08"]
[SourceQuality "1"]
[WhiteTeam "Wroclaw"]
[BlackTeam "Gorzow Wielkopolski"]
[WhiteTeamCountry "POL"]
[BlackTeamCountry "POL"]

1. c4 Nf6 2. Nc3 g6 3. g3 Bg7 4. Bg2 O-O 5. d3 c6 6. e4 d6 7. Nge2 a6 8. O-O (
8. a4 a5 9. h3 Na6 10. O-O e5 11. Be3 {1/2-1/2 (11) Zvjaginsev,V (2654)
-Khalifman,A (2668) St Petersburg 2004}) 8... b5 9. Rb1 e5 10. h3 b4 11. Na4 c5
12. f4 Nc6 $146 (12... Nfd7 13. f5 Nc6 14. g4 Rb8 15. g5 Re8 16. h4 Nd4 17. Ng3
Bb7 18. h5 Nf8 19. b3 Bc6 20. Rb2 Rb7 21. Rbf2 a5 22. Be3 Qb8 23. hxg6 hxg6 24.
Nb2 a4 25. Qg4 axb3 26. axb3 Qd8 27. f6 Bh8 28. Qh4 Nde6 29. Bh3 Nf4 30. Bg4
Nh5 31. Nxh5 gxh5 32. Qxh5 Ng6 33. Rh2 {1-0 (33) Gomez,J (2511)-Nolte,R (2447)
Tagaytay City 2013}) 13. Be3 Nd7 14. f5 $14 {[%cal Gd1d2,Ge3g5]} h6 15. Qd2 (
15. h4 $5 {[%csl Rg5,Rh6][%cal Gd1d2]}) 15... g5 16. h4 f6 (16... gxh4 $6 17.
Bxh6) 17. Bf3 Nb6 $6 18. Nxb6 Qxb6 {[%csl Rb6] La Qb6 est mal placée pour
défendre l'aile-roi} 19. Bh5 $1 {[%cal Gh5g6,Gh4g5,Ge3g5]} Bd7 20. g4 (20. Kg2
$5 {[%cal Gf1h1]}) 20... Be8 21. Ng3 Qd8 {Reconnaissant que la Qb6 était mal
placée} 22. Kg2 {[%cal Gf1h1,Gh4g5]} Bxh5 23. Nxh5 $16 {[%csl Rg7,Gh5]} Kf7
24. Rh1 Rg8 25. Rh3 $1 {[%cal Gb1h1] Il vaut mieux doubler les R avant de
prendre en g5} Ra7 {[%cal Ga7g7]} 26. Rbh1 Ke8 27. hxg5 $36 hxg5 28. Ng3 {
[%cal Gh3h7]} Rf7 $1 {[%cal Gg7f8]} 29. Kf3 Kd7 30. Qh2 (30. Rh7 Kc8) 30... Bf8
31. Rh7 Rxh7 (31... Rgg7) 32. Qxh7+ Be7 (32... Rg7 33. Qh8 Rf7 (33... Kc7 34.
Nh5)) 33. Rh6 Kc7 $2 {[%csl Rf6] Le K Noir a réussi à se mettre à l'abri
mais les faiblesses de l'aile-roi sont difficiles à défendre} (33... Rf8 $8
34. Nh5 Kc8 {Le Be3 aura du mal à participer à l'attaque et il y a encore du
travail pour les Blancs}) 34. Nh5 {[%cal Gh5f6]} Kb6 35. Nxf6 {[%csl Gf5]} Bxf6
36. Rxf6 Qxf6 37. Qxg8 Qh6 38. Kg2 Qh4 39. Qxg5 Qe1 40. Bf2 Qe2 41. Qh4 Qxd3
42. g5 $18 {[%csl Gf5,Gg5][%cal Gh4e4]} Nd4 43. Qg4 Ne2 44. g6 Nf4+ 45. Kh2 Qd2
46. Qg3 Nh5 47. Qh4 Qe2 48. f6 Qf3 49. g7 Nxf6 50. Kg1 Ng8 51. Qd8+ Kc6 52.
Qc8+ Kb6 53. Qxg8 Qg4+ 54. Kh2 Qh5+ 55. Kg3 Qg5+ 56. Kf3 Qf4+ 57. Ke2 Qxe4+ 58.
Kd2 Qf4+ 59. Be3 Qh2+ 60. Kd3 e4+ 61. Kxe4 Qe5+ 62. Kd3 1-0

[Event "Plancoet op-A 10th"]
[Site "Plancoet"]
[Date "2013.07.30"]
[Round "2"]
[White "Kukov, Velislav"]
[Black "Vovk, Yuri"]
[Result "1-0"]
[WhiteElo "2370"]
[BlackElo "2608"]
[Annotator "RR"]
[PlyCount "101"]
[EventDate "2013.07.28"]
[EventType "swiss"]
[EventRounds "9"]
[EventCountry "FRA"]
[SourceTitle "EXT 2017"]
[Source "ChessBase"]
[SourceDate "2016.10.25"]
[SourceVersion "1"]
[SourceVersionDate "2016.10.25"]
[SourceQuality "1"]
[TimeControl "40/5400+30:1800+30"]

1. Nf3 Nf6 2. c4 g6 3. Nc3 d5 4. Qa4+ (4. cxd5) 4... Bd7 5. Qb3 dxc4 6. Qxc4
Bg7 (6... a6 7. d4 b5 8. Qb3 c5 9. dxc5 Bg7 10. e4 O-O 11. Be2 Be6 12. Qc2 Nbd7
13. Be3 Rc8 14. Rd1 b4 15. Nd5 Bxd5 16. exd5 Nxc5 17. O-O a5 18. h3 Nce4 19.
Qb3 Qd6 20. Bb5 Nc5 21. Qc4 Na4 22. Qb3 Nc5 {1/2-1/2 (22) Ivanchuk,V (2766)
-Wang Hao (2737) Beijing 2012}) 7. Ne5 (7. d4) (7. e4) 7... Be6 8. Qb5+ Nbd7 9.
Nxd7 Qxd7 10. Qxd7+ $146 (10. Qxb7 O-O 11. e3 Nd5 12. Bb5 Qd6 13. Qc6 Rab8 14.
Qxd6 exd6 15. Ba4 Nb4 16. O-O c5 17. b3 d5 18. Ba3 d4 19. exd4 Bxd4 20. Rac1
Rfd8 21. Bxb4 cxb4 22. Ne2 Bf5 23. Rfd1 Bb2 24. Rc7 Bd3 25. Nc1 Bf5 26. h3 Rbc8
27. Rxc8 Rxc8 28. Ne2 Rc2 29. Bb5 Bf6 30. Ng3 Rxa2 31. Nxf5 gxf5 32. d4 Kf8 33.
d5 f4 34. Rd3 Bc3 35. d6 Rd2 36. Rxd2 Bxd2 {1/2-1/2 (36) Georgiev,K (2637)
-Neverov,V (2566) Budva 2003}) 10... Kxd7 11. e4 {[%cal Gd2d4]} c5 12. Bb5+ Kc7
13. d3 Ng4 14. f3 Ne5 15. Bf4 Kb6 16. Bxe5 (16. O-O-O Nxf3 $1 {[%cal Gg7c3,
Gb6b5]}) 16... Bxe5 17. Bc4 Bxc4 18. dxc4 Ka5 (18... Bxc3+ $5 19. bxc3 Rad8 20.
Rb1+ (20. Ke2 Rd7 21. Rhd1 Rhd8) 20... Kc7 21. Ke2) 19. O-O-O Rhd8 20. Kc2 e6
21. a3 a6 22. g3 b5 23. f4 Bd4 24. cxb5 axb5 25. e5 {[%csl Rf7,Rh7][%cal Gc3e4,
Ge4d6,Ge4g5]} b4 26. axb4+ Kxb4 27. Ra1 (27. Ne4 Ra2 {[%csl Rb2]}) 27... Kc4
28. Ne4 Rdb8 29. Nd6+ Kd5 30. Rxa8 Rxa8 31. Nxf7 c4 32. Ng5 Rb8 $132 {[%csl
Rb2]} 33. Rb1 Rb3 $2 (33... h6 $142 {Le coup naturel mais les Noirs étaient
peut-être en zeitnot} 34. Nf3 Rb3 35. Nxd4 Kxd4 36. Rd1+ Ke4 37. Rd6 g5 38.
Rxe6 gxf4 39. gxf4 Kxf4 40. Re8 Rh3 41. e6 Ke5 $1 42. e7 Ke6 $11) 34. Nxh7 Ke4
35. Ng5+ Kf5 36. Nf7 Ke4 37. Nd6+ Kd5 38. Ne8 Ke4 39. Nd6+ Kd5 40. Ne8 Ke4 41.
Nd6+ Kd5 42. Nc8 Ke4 43. Ne7 Re3 44. Rd1 Rb3 45. Rb1 Re3 46. Rd1 c3 47. bxc3
Rxc3+ 48. Kd2 Rc7 49. Nxg6 Be3+ 50. Ke1 Rc2 $1 $44 {[%csl Gc2,Re1] Le gain
Blanc n'est pas facile à réaliser} 51. Nh4 {suite illisible - les blancs
gagnent en 61 coups} 1-0

[Event "POL-chT 66th"]
[Site "Katowice"]
[Date "2010.09.10"]
[Round "7"]
[White "Schmidt, Wlodzimierz"]
[Black "Dragun, Kamil"]
[Result "1/2-1/2"]
[WhiteElo "2394"]
[BlackElo "2392"]
[Annotator "RR"]
[PlyCount "56"]
[EventDate "2010.09.04"]
[EventType "team-tourn"]
[EventRounds "9"]
[EventCountry "POL"]
[SourceTitle "EXT 2016"]
[Source "ChessBase"]
[SourceDate "2015.10.08"]
[SourceVersion "1"]
[SourceVersionDate "2015.10.08"]
[SourceQuality "1"]
[WhiteTeam "Poznan Pocztowiec"]
[BlackTeam "Gorzow Wielkopolski"]
[WhiteTeamCountry "POL"]
[BlackTeamCountry "POL"]

1. Nf3 Nf6 2. c4 g6 3. Nc3 d5 4. cxd5 Nxd5 5. Qa4+ (5. h4 Bg7 6. h5 Nc6 7. h6 (
7. d4) 7... Bf6 8. Ne4 O-O 9. Nxf6+ exf6 10. e3 Ndb4 11. d3 Bf5 12. e4 Bg4 $132
{[%csl Rc2,Rd3,Rd4];Nisipeanu,L (2648)-Areshchenko,A (2702) Burgas Black Sea
2012 (1) 1/2}) 5... Nc6 6. Ne5 Qd6 (6... Ndb4 7. a3 Bg7 8. axb4 Bxe5 9. b5) 7.
Nxc6 Qxc6 8. Qxc6+ bxc6 9. g3 (9. b3 Bg7 10. Bb2 Nxc3) 9... Bg7 10. Bg2 Be6 11.
b3 (11. a3 Rb8 12. e3 O-O 13. Na4 Bc8 14. O-O Nb6 15. Bxc6 Nxa4 16. Bxa4 Ba6
17. Re1 Bd3 18. Ra2 Bb1 19. Ra1 Bd3 20. Ra2 c5 21. Bd1 c4 22. Be2 Rb3 23. a4 a5
24. Bd1 Rb4 25. Be2 Rb3 26. Bd1 Rb6 27. Be2 Rfb8 28. f4 e5 29. fxe5 Bxe5 30.
Bxd3 cxd3 31. b3 Rxb3 32. Ba3 Rc8 33. Kf2 Rc7 34. Kf3 f5 35. h3 h5 36. Rg1 Kf7
37. Rc1 Rxc1 38. Bxc1 Rb1 39. Ba3 Ke6 40. e4 Bd4 {Petrosian,T (2661)-Gupta,A 
(2627) Kavala 2012 0-1}) 11... O-O-O 12. Bb2 Nxc3 13. Bxc3 Bxc3 14. dxc3 Rd6
15. Rd1 Rhd8 16. Rxd6 Rxd6 17. Be4 c5 18. Bc2 Ra6 (18... Bf5 19. e4 Bg4 20. f3
Bxf3 21. Rf1 Bxe4 22. Bxe4 Re6 23. Rxf7 Rxe4+ 24. Kd2 h5 25. Kd3 Re6 26. a4 Kd7
27. Rf8 Rf6 28. Ra8 Rd6+ 29. Kc4 e5 30. Rf8 Ke7 31. Rf2 Ke6 32. Kxc5 e4 33. Rf8
g5 34. Re8+ Kf5 35. Re7 h4 36. gxh4 gxh4 37. Rxc7 Re6 38. Kd5 Re8 39. Kc5 Re6
40. Kd5 Re8 {0-1 (40) Markos,J (2585)-Li,C (2669) Shenzhen 2011}) 19. a4 Rb6
20. c4 Rd6 21. Bd3 Rb6 {Forçant la nulle avant que les Blancs n'aient le
temps de développer la R} 22. Bc2 Bf5 23. Kd2 Bxc2 24. Kxc2 Re6 25. Kd3 Rd6+
26. Kc3 Re6 27. Kd3 Rd6+ 28. Kc3 Re6 1/2-1/2

[Event "Reggio Emilia 54th"]
[Site "Reggio Emilia"]
[Date "2012.01.06"]
[Round "10"]
[White "Vitiugov, Nikita"]
[Black "Morozevich, Alexander"]
[Result "1-0"]
[WhiteElo "2729"]
[BlackElo "2762"]
[Annotator "RR"]
[PlyCount "133"]
[EventDate "2011.12.27"]
[EventType "tourn"]
[EventRounds "10"]
[EventCountry "ITA"]
[EventCategory "20"]
[SourceTitle "CBM 146"]
[Source "ChessBase"]
[SourceDate "2012.01.18"]
[SourceVersion "1"]
[SourceVersionDate "2012.01.18"]
[SourceQuality "1"]

1. c4 Nf6 2. Nc3 d5 3. cxd5 Nxd5 4. g3 Nxc3 5. bxc3 g6 6. Bg2 Bg7 7. Rb1 Nc6 8.
h4 h6 9. Nf3 O-O 10. O-O e5 11. d3 Kh7 12. Nd2 f5 13. Ba3 Rf6 14. Qc2 Qe8 15.
e3 b6 16. d4 Ba6 17. Rfe1 e4 18. c4 Rc8 19. Qa4 Nb8 20. Qxe8 Rxe8 21. Rec1 Nd7
22. Nb3 Rf7 23. Bb4 c5 24. Bd2 g5 25. hxg5 hxg5 26. a4 cxd4 27. exd4 f4 28. a5
f3 29. Bf1 Kg6 30. axb6 Bf6 31. Re1 Rh8 32. Rxe4 Rfh7 33. Rh4 gxh4 34. Bd3+ Kg7
35. Bxh7 Kxh7 36. Ra1 Bxc4 37. Rxa7 Bxb3 $2 (37... Rd8 38. Na5 Bd5 $19) 38.
Rxd7+ $14 Kg6 39. Bf4 hxg3 40. Bxg3 Ba4 41. Rd6 Rg8 42. b7 Kf5 43. Ra6 Bxd4 44.
b8=Q Rxb8 45. Bxb8 Bc2 46. Kh2 Bd3 $2 (46... Ke4 47. Kg3 Bb3 $16) 47. Ra4 $18
Be5+ 48. Bxe5 Kxe5 49. Kg3 Be2 50. Kg4 Kf6 51. Kf4 Bd1 52. Ra6+ Kf7 53. Ke5 Be2
54. Rf6+ Kg7 55. Kf5 Bd3+ 56. Kg5 Be2 57. Rf4 Kg8 58. Kh6 Bd1 59. Rd4 Be2 60.
Rd7 Kf8 61. Kg5 Ke8 62. Ra7 Kf8 63. Kf4 Kg8 64. Ra3 Kf7 65. Rxf3 Bxf3 66. Kxf3
Kf6 67. Kf4 1-0

[Event "Rohde op 12th"]
[Site "Sautron"]
[Date "2012.11.02"]
[Round "8"]
[White "Marholev, Dimitar"]
[Black "Le Roux, Jean Pierre"]
[Result "0-1"]
[WhiteElo "2326"]
[BlackElo "2563"]
[Annotator "RR"]
[PlyCount "60"]
[EventDate "2012.10.27"]
[EventType "swiss"]
[EventRounds "9"]
[EventCountry "FRA"]
[SourceTitle "EXT 2014"]
[Source "ChessBase"]
[SourceDate "2013.11.20"]
[SourceVersion "1"]
[SourceVersionDate "2013.11.20"]
[SourceQuality "1"]
[TimeControl "40/5400+30:1800+30"]
[WhiteClock "1:30:00"]
[BlackClock "1:30:00"]

1. Nf3 {[%emt 0:00:00]} Nf6 {[%emt 0:00:00]} 2. c4 {[%emt 0:00:00]} g6 {
[%emt 0:01:01]} 3. Nc3 {[%emt 0:00:11]} d5 {[%emt 0:00:38]} 4. Qa4+ $5 {
[%emt 0:00:21]} (4. Qb3) (4. cxd5 {L'ancienne ligne qui est moins jouée
aujourd'hui que Qb3} Nxd5 5. Qa4+) 4... Bd7 {[%emt 0:00:10]} 5. Qb3 {[%emt 0:
00:07]} dxc4 {[%emt 0:00:06]} 6. Qxc4 {[%emt 0:00:07]} a6 {[%emt 0:00:34]} (
6... Bg7 7. e4 $14 (7. d4)) 7. e4 {[%emt 0:00:25]} (7. d4 Be6 8. Qa4+ b5 9. Qd1
Bg7 {Tratar,M (2449)-Nepomniachtchi,I (2476) Ljubljana op 15th 2004 (9) 1/2} (
9... Bc8 {Rowson})) 7... b5 {[%emt 0:00:40]} 8. Qe2 {[%emt 0:00:08] Une idée
sophistiquée de B. GELFAND} c5 {[%emt 0:00:22]} (8... Nc6 {[%cal Ge7e5]} 9. e5
Nb4 10. exf6 Nc2+ 11. Kd1 Nxa1 $13 {Sadorra,J (2470)-Kazhgaleyev,M (2641)
Manila Pichay Cup 4th 2008 (2) 0-1}) (8... Bc8) 9. e5 {[%emt 0:00:35]} Nh5 {
[%emt 0:00:16][%cal Gh5f4]} 10. d4 {[%emt 0:00:08]} (10. Qe3 $5 {Kortschnoj,V 
(2579)-Tseitlin,M (2455) Beersheba g/30' rapid 2004 (10) 1-0}) (10. d3) 10...
cxd4 {[%emt 0:00:03] Changeant le premier sur la partie de référence du bulgare
} (10... Bf5 11. dxc5 Nc6 12. Be3 Qa5 13. Nd4 (13. Rd1 $5) 13... Nxd4 14. Bxd4
Rd8 15. Rd1 Bh6 16. g3 b4 17. Qxa6 Qxa6 18. Bxa6 bxc3 19. Bxc3 Rxd1+ 20. Kxd1
Ng7 21. Ke2 Ne6 22. Bb5+ Kd8 23. Rd1+ Kc8 24. b4 Rd8 25. Rxd8+ {Marholev,D 
(2364)-Dourerassou,J (2460)/Dieppe 2012/EXT 2013/0-1 (41)}) 11. Nxd4 {[%emt 0:
00:35]} Nc6 {[%emt 0:00:07]} 12. Nxc6 $6 $146 {[%emt 0:05:52]} (12. Nb3 $142 b4
(12... Qc7 13. f4 $14) 13. Nd5 Bg7 14. Be3 Bxe5 15. Nb6 Rb8 16. Nxd7 Qxd7 17.
Rd1 Bd6 18. Qxa6 Qb7 19. Qxb7 Rxb7 20. Rc1 Nd8 21. g3 O-O 22. Bg2 Rb5 23. O-O
Ne6 24. Rfd1 Nf6 25. h3 h5 26. Nd4 Nxd4 {Ovetchkin,R (2519)-Shivananda,B (2387)
/Mumbai 2010/CBM 136 Extra/1-0 (81)}) 12... Bxc6 $132 {[%emt 0:00:10]} 13. Be3
{[%emt 0:00:14][%cal Ga1d1]} (13. e6 $6 f5) 13... Qc7 $1 {[%emt 0:20:24]} 14.
f4 {[%emt 0:00:51]} (14. Rc1 Qxe5 15. Na4 $13) 14... b4 $36 {[%emt 0:01:10]}
15. Nb1 $6 {[%emt 0:06:31] La position Blanche ne parait pas trés saine} (15.
Nd1 $142 $5 Bh6 16. Rc1 $1 {[%cal Gc1c7]} Qb7 17. Qc2 Bd5 (17... Rc8 18. Bc4
O-O 19. O-O Bb5 20. Qe2 (20. Qb3)) 18. f5 {[%cal Gd1e3]} Bf4 $15) 15... Bh6 $32
{[%emt 0:03:36] Les Noirs ont maintenant un bon jeu de pièces et cette
variante Qb3 qui était sensé donner un centre fort aux Blancs, a
paradoxalement créé des faiblesses centrales.} 16. Qc4 {[%emt 0:07:20]} Qb7 $36
{[%emt 0:01:55]} 17. Rg1 {[%emt 0:01:18]} O-O {[%emt 0:13:04]} 18. g3 {[%emt 0:
16:37]} Bd5 {[%emt 0:05:58][%csl Rc4]} (18... Ng7 {[%csl Re3][%cal Gg7f5]}) 19.
Qd4 {[%emt 0:09:12]} f6 $1 {[%emt 0:14:28][%csl Re1] Il faut ouvrir le jeu} 20.
exf6 {[%emt 0:03:33]} Nxf6 {[%emt 0:02:00]} 21. Bc4 $2 {[%emt 0:01:10]} e5 $19
{[%emt 0:01:37]} 22. Qd3 {[%emt 0:04:10]} exf4 {[%emt 0:01:12]} 23. Bxf4 {
[%emt 0:00:43]} Bxf4 {[%emt 0:03:04]} 24. gxf4 {[%emt 0:00:09]} Rfe8+ {[%emt 0:
02:01]} 25. Kd1 {[%emt 0:00:55]} Bxc4 {[%emt 0:06:26]} 26. Qxc4+ {[%emt 0:00:
08]} Kg7 {[%emt 0:00:06]} 27. Nd2 {[%emt 0:00:26]} Rad8 {[%emt 0:00:02]} 28.
Rc1 {[%emt 0:01:35]} Qf3+ {[%emt 0:00:31]} 29. Kc2 {[%emt 0:00:17]} Rxd2+ {
[%emt 0:00:04]} 30. Kxd2 {[%emt 0:00:14]} Qf2+ {[%emt 0:00:25]} 0-1

[Event "YUG-ch"]
[Site "Kladovo"]
[Date "1990.??.??"]
[Round "?"]
[White "Kosic, Dragan"]
[Black "Ilincic, Zlatko"]
[Result "1-0"]
[WhiteElo "2415"]
[BlackElo "2490"]
[Annotator "Ribli,Z"]
[PlyCount "105"]
[EventDate "1990.02.??"]
[EventType "tourn"]
[EventRounds "15"]
[EventCountry "YUG"]
[EventCategory "9"]
[SourceTitle "CBM 017"]
[Source "ChessBase"]
[SourceDate "1990.08.01"]
[SourceVersion "1"]
[SourceVersionDate "1990.08.01"]
[SourceQuality "1"]

1. c4 Nf6 2. Nf3 g6 3. Nc3 d5 4. cxd5 Nxd5 5. Qa4+ Nc6 6. Ne5 Ndb4 7. a3 Bg7 8.
axb4 Bxe5 9. b5 Nb8 10. e3 O-O 11. d4 Bg7 12. Be2 c6 13. O-O a6 {13...cxb5 14.
Qxb5, Nc6 15.Bf3, a6 16.Qb3 +/= Timman-Sax Rio de Janeiro 1979} 14. bxc6 Nxc6
15. Rd1 $1 {15.Qb3!?, a5?! (15...b5!) 16.Bd2, Nb4 17.Nb5, Be6 18.Qa4, Nc6 19.
Rfc1 +/= Zsidkov-Ohotnik UDSSR 1982} Bd7 16. Qb3 b5 17. Bd2 e5 18. d5 Na5 19.
Qa3 Nb7 20. b4 $5 f5 21. Qb3 Qb6 22. Bc1 Nd6 23. Bb2 Rae8 {23...Rfc8 ><c4} 24.
Nb1 g5 25. Nd2 g4 26. Qa3 $1 Bc8 27. Qa5 Qb7 28. Rac1 Qf7 29. Qc7 $1 Rd8 30.
Qxf7+ Rxf7 31. Nb3 e4 32. Bxg7 Kxg7 33. Na5 Kf6 34. Rc6 Ke5 35. Rb6 Bb7 36. Rc1
Bxd5 37. Rc5 $1 {+/-} Rdd7 38. Rxa6 Nb7 39. Nc6+ Ke6 40. Nd4+ Ke7 41. Rxb5 Rd6
42. Rxd6 Kxd6 43. Rb6+ Ke5 44. Rh6 Nd6 45. g3 Ne8 46. Ra6 Nd6 47. Ra5 Rc7 48.
Kg2 h5 49. h4 Rc1 50. Ba6 Rb1 51. Ne2 Rb2 52. Nf4 Rd2 53. Kf1 1-0

[Event "Platonov Memorial"]
[Site "Kiev"]
[Date "1995.??.??"]
[Round "4"]
[White "Nikolaevsky, Yuri V"]
[Black "Mikhalevski, Victor"]
[Result "0-1"]
[WhiteElo "2405"]
[BlackElo "2495"]
[Annotator "Ribli,Z"]
[PlyCount "57"]
[EventDate "1995.??.??"]
[EventType "tourn"]
[EventRounds "13"]
[EventCountry "UKR"]
[EventCategory "10"]
[SourceTitle "CBM 051"]
[Source "ChessBase"]
[SourceDate "1996.04.01"]
[SourceVersion "1"]
[SourceVersionDate "1996.04.01"]
[SourceQuality "1"]

1. c4 Nf6 2. Nc3 d5 3. cxd5 Nxd5 4. g3 g6 5. Bg2 Nb6 6. d3 Bg7 7. Nf3 (7. Be3
$5) 7... Nc6 8. Bd2 (8. Be3 $5) 8... O-O 9. Qc1 $146 Rb8 $5 {Dieser Zug ist
fuer derartige Stellungen ungewoehnlich. Der Nachziehende braucht fuer seine
neue Idee den b7-Bauern zu decken.} 10. Bh6 (10. h4 $5) 10... Bg4 $5 11. Bxg7
Kxg7 12. h3 $6 {Dieser Zug hat zwei Nachteile: 1. Unnoetig verliert Weiss ein
Tempi. 2.Weiss schwaecht sienen Koenigsfluegel.} (12. b4 $5 {/\ Qb2}) 12...
Bxf3 $1 13. Bxf3 Nd4 $1 {Jetzt ist schon klar, warum Schwarz 9...Rb8 spielt.}
14. Bg2 e5 15. O-O Qe7 16. Kh2 $6 (16. Qd2 c6 17. Rad1 $13) 16... c6 17. Qd2
Rbd8 $1 18. Rac1 $2 {Ich verstehe nicht was dieser Turm auf die c-Linie sucht.}
(18. Rad1 $5) 18... f5 19. f4 $2 {Immer noch zu optimistisch.} (19. e3 $2 Nc4
$1 20. Qe1 Nxb2 21. exd4 Nxd3 22. Qe3 Nxc1 23. Rxc1 Rxd4 24. f4 Re8 25. Re1 Qc5
26. fxe5 Rc4 $19) (19. Rce1 $5) 19... Nc4 $1 {[#] Fuer Weiss war dieser Zug,
wie der Blitzstrahl aus heiterm Himmel.} 20. Qe1 (20. dxc4 Nf3+ 21. Bxf3 Rxd2
$19 {Wegen dieser Drohung sollte der Anziehende seine Dame schon vorher decken.
}) 20... Ne3 21. Rf2 exf4 22. gxf4 (22. Rxf4 g5 23. Rf2 Qe5 {Droht /\ einfach
h5-h4.}) 22... Qh4 23. Kh1 Rfe8 24. Rf1 Qh6 25. Qg3 {Weiss will mit diesem
Qualiatetsopfer erleichteren.} Nxg2 $1 {[#] Schwarz lehnt das Opfer ab, weil
sein Angriff jetzt unaufhaltsam voranrollt.} 26. Qxg2 (26. Kxg2 Nxe2 27. Nxe2
Rxe2+ 28. Rf2 Rxf2+ (28... Rde8 $5) 29. Kxf2 Rxd3 $1 30. Qxd3 Qxf4+ 31. Kg2
Qxc1 $19) 26... Re3 27. Kh2 Ne6 $1 28. Rf3 Nxf4 29. Qg3 {Ribli} (29. Qg3 Rxf3
30. Qxf3 Nxh3 $1 31. Qxh3 Qxc1 $19) 0-1